MARC

LEADER 00000nam0a2200000 4500
001 255955
005 20231101233055.0
035 |a (RuTPU)RU\TPU\book\278584 
090 |a 255955 
100 |a 20140403d1987 k y0rusy50 ca 
101 0 |a rus 
102 |a RU 
105 |a a z 001zy 
200 1 |a Расчетные методы оценки абразивного износа  |f У. А. Икрамов 
210 |a Москва  |c Машиностроение  |d 1987 
215 |a 288 с.  |c ил. 
320 |a Библиогр.: с. 274-280. 
606 1 |a Трибологические системы  |x Трение  |2 stltpush  |3 (RuTPU)RU\TPU\subj\72917  |9 86267 
610 1 |a абразивная обработка 
610 1 |a абразивный износ 
610 1 |a расчеты 
610 1 |a методы 
610 1 |a износ 
610 1 |a изнашивание 
610 1 |a детали машин 
610 1 |a долговечность 
675 |a 621.891  |v 3 
700 1 |a Икрамов  |b У. А.  |g Уткур Ахмедович 
801 1 |a RU  |b 63413507  |c 20140403 
801 2 |a RU  |b 63413507  |c 20140721  |g RCR 
942 |c BK